<?xml version="1.0" encoding="UTF-8"?><?xml-stylesheet type="text/xsl" href="static/style.xsl"?><OAI-PMH xmlns="http://www.openarchives.org/OAI/2.0/" xmlns:xsi="http://www.w3.org/2001/XMLSchema-instance" xsi:schemaLocation="http://www.openarchives.org/OAI/2.0/ http://www.openarchives.org/OAI/2.0/OAI-PMH.xsd"><responseDate>2026-04-17T20:14:32Z</responseDate><request verb="GetRecord" identifier="oai:www.recercat.cat:2445/186337" metadataPrefix="marc">https://recercat.cat/oai/request</request><GetRecord><record><header><identifier>oai:recercat.cat:2445/186337</identifier><datestamp>2025-12-05T05:29:56Z</datestamp><setSpec>com_2072_1057</setSpec><setSpec>col_2072_478857</setSpec><setSpec>col_2072_478901</setSpec><setSpec>col_2072_478917</setSpec></header><metadata><record xmlns="http://www.loc.gov/MARC21/slim" xmlns:dcterms="http://purl.org/dc/terms/" xmlns:xsi="http://www.w3.org/2001/XMLSchema-instance" xmlns:doc="http://www.lyncode.com/xoai" xsi:schemaLocation="http://www.loc.gov/MARC21/slim http://www.loc.gov/standards/marcxml/schema/MARC21slim.xsd">
   <leader>00925njm 22002777a 4500</leader>
   <datafield ind2=" " ind1=" " tag="042">
      <subfield code="a">dc</subfield>
   </datafield>
   <datafield ind2=" " ind1=" " tag="720">
      <subfield code="a">Ripoll, Gisela</subfield>
      <subfield code="e">author</subfield>
   </datafield>
   <datafield ind2=" " ind1=" " tag="720">
      <subfield code="a">Molist i Capella, Núria</subfield>
      <subfield code="e">author</subfield>
   </datafield>
   <datafield ind2=" " ind1=" " tag="260">
      <subfield code="c">2022-06-03T15:16:49Z</subfield>
   </datafield>
   <datafield ind2=" " ind1=" " tag="260">
      <subfield code="c">2022-06-03T15:16:49Z</subfield>
   </datafield>
   <datafield ind2=" " ind1=" " tag="260">
      <subfield code="c">2012</subfield>
   </datafield>
   <datafield ind2=" " ind1=" " tag="260">
      <subfield code="c">2022-06-03T15:16:49Z</subfield>
   </datafield>
   <datafield ind2=" " ind1=" " tag="520">
      <subfield code="a">La muerte y los muertos son la expresión identitaria más certera de una comunidad, y constituyen factores determinantes en el conocimiento histórico de una sociedad en su sentido más amplio. La arqueología funeraria tiene por objetivo aproximarse al conocimiento de las sociedades del pasado, de los vivos que crearon, adoptaron y transformaron la diversidad de los ritos funerarios. Por tanto, el investigador está obligado a interrogar e interpretar las formas de enterramiento y los restos materiales contenidos en las sepulturas. Esta dimensión social, cultural y económica de las prácticas funerarias tomó fuerza a partir de los planteamientos de Lewis R. Binford (1971 y 1983). Con su obra, así como con la de otros defensores de la Nueva Arqueología, se consiguió superar la etapa descriptiva basada en la adscripción tipológica y cronológica de tumbas y necrópolis. Hoy el grado de profundidad analítica derivado de la relectura de fuentes y de las nuevas herramientas metodológicas aplicadas por la arqueología, permite considerar el culto a los muertos como un campo lleno de posibilidades para conocer las diferentes facetas del paso de la antigüedad tardía a la Edad Media</subfield>
   </datafield>
   <datafield tag="653" ind2=" " ind1=" ">
      <subfield code="a">Història antiga</subfield>
   </datafield>
   <datafield tag="653" ind2=" " ind1=" ">
      <subfield code="a">Història medieval</subfield>
   </datafield>
   <datafield tag="653" ind2=" " ind1=" ">
      <subfield code="a">Ritus i cerimònies fúnebres</subfield>
   </datafield>
   <datafield tag="653" ind2=" " ind1=" ">
      <subfield code="a">Catalunya</subfield>
   </datafield>
   <datafield tag="653" ind2=" " ind1=" ">
      <subfield code="a">Ancient history</subfield>
   </datafield>
   <datafield tag="653" ind2=" " ind1=" ">
      <subfield code="a">Medieval history</subfield>
   </datafield>
   <datafield tag="653" ind2=" " ind1=" ">
      <subfield code="a">Funeral rites and ceremonies</subfield>
   </datafield>
   <datafield tag="653" ind2=" " ind1=" ">
      <subfield code="a">Catalonia</subfield>
   </datafield>
   <datafield ind2="0" ind1="0" tag="245">
      <subfield code="a">Memoria y arqueologia. El culto a los muertos entre la antigüedad tardía y el mundo medieval en Cataluña</subfield>
   </datafield>
</record></metadata></record></GetRecord></OAI-PMH>